Normal view
MARC view
- ALEMANIA -
Entry Nombre Geográfico
001 - NÚMERO DE CONTROL
- campo de control: 12988
003 - IDENTIFICADOR DE NUMERO DE CONTROL
- campo de control: UPN
005 - FECHA Y HORA DE LA ÜLTIMA TRANSACCIÓN
- campo de control: 20210219193811.0
008 - DATOS DE LONGITUD FIJA
- campo de control de longitud fija: nabaccnnaabn|||||||||| b |nc|||||d
035 ## - NÚMERO DE CONTROL
- Número de control: UPN10000012996
040 ## - FUENTE DE CATALOGACIÓN
- Lenguaje de catalogación: SPA
- Agencia de transcripción: UPN
151 ## - ENCABEZAMIENTO - NOMBRE GEOGRÁFICO
- Nombre geográfico: ALEMANIA -
- Subdivisión general : POLITICA Y GOBIERNO -
- Subdivisión cronológica : 1933-1945
670 ## - FUENTE EN LA QUE SE LOCALIZARON DATOS
- Cita de la fuente: E
- Información localizada: Alemanica - Política y gobierno - 1933-
902 ## - CATALOGADOR
- Catalogador: MCM/280408
